Statistics for Biggest Countries by Area L-R

Click here to take the quiz!

General Stats

  • This quiz has been taken 49 times
  • The average score is 15 of 20

Answer Stats

km2country% Correct
17,098,000Россия
100%
1,285,000Peru
93%
1,964,000Mexico
91%
1,031,000Mauritania
88%
1,564,000Mongolia
88%
1,760,000Libya
79%
1,267,000Niger
79%
407,000Paraguay
79%
1,240,000Mali
77%
447,000Morocco
77%
924,000Nigeria
77%
587,000Madagascar
74%
313,000Poland
74%
802,000Mozambique
70%
826,000Namibia
70%
324,000Norway
70%
882,000Pakistan
70%
331,000Malaysia
67%
463,000Papua New Guinea
47%
342,000Rep of the Congo
12%

Score Distribution

Percentile by Number Answered

Percent of People with Each Score

Your Score History

You have not taken this quiz